[Event "AUTO-INT-2742"]
[Site "http://www.queenalice.com/game.php?id=1225776"]
[Date "2013.10.19"]
[Round "1"]
[White "zemaria"]
[Black "TON7"]
[Result "0-1"]
[WhiteElo "1598"]
[BlackElo "1720"]

1. e4 e5 2. d4 Bd6 3. Bc4 c6 4. d5 b5 5. Bb3 cxd5 6. Bxd5 Nc6 7. c3 Bb7 8. Be3
Qc7 9. Qf3 Nf6 10. Bb3 a5 0-1

[Event "AUTO-OPEN-3128"]
[Site "http://www.queenalice.com/game.php?id=1235071"]
[Date "2013.11.24"]
[Round "1"]
[White "jahe"]
[Black "TON7"]
[Result "1-0"]
[WhiteElo "1718"]
[BlackElo "1731"]

1. e4 e5 2. Nf3 Nc6 3. Bc4 Na5 4. Be2 Nf6 5. Nc3 Bb4 6. O-O Bxc3 7. bxc3 Nc6 8.
d3 O-O 9. Bg5 d6 10. d4 exd4 11. cxd4 Qe7 12. e5 dxe5 13. Re1 exd4 14. Nxd4 Qd6
15. c3 Nxd4 16. cxd4 Ne4 17. Be3 b6 18. Rc1 Qd5 19. Rxc7 Qxa2 20. Bc4 Qa5 21.
Qb1 b5 22. Bxb5 Qxc7 23. Qxe4 Bb7 24. Qg4 Kh8 25. Bd3 Bc8 26. Qe4 f5 27. Qxa8
Qc3 28. Rd1 f4 29. Qe4 Bf5 30. Qe7 Rg8 31. Bxf5 fxe3 32. Qxe3 Qb2 33. Qh3 g6 34.
Be4 a5 35. d5 a4 36. Rb1 Qd4 37. Qe6 a3 38. d6 a2 39. Qxa2 Rd8 40. Bf3 Qd3 41.
Rd1 Qf5 42. h3 h5 43. Rd5 Qf7 44. Qa1+ Kh7 45. Qa3 Kh6 46. Qe3+ Kh7 47. Qe7 Qxe7
48. dxe7 Re8 49. Re5 Kg7 50. Bc6 1-0

[Event "AUTO-OPEN-3128"]
[Site "http://www.queenalice.com/game.php?id=1235072"]
[Date "2013.11.24"]
[Round "1"]
[White "TON7"]
[Black "jahe"]
[Result "1-0"]
[WhiteElo "1703"]
[BlackElo "1790"]

1. e4 c5 2. Nf3 Nc6 3. Bb5 g6 4. Bxc6 bxc6 5. O-O Bg7 6. Nc3 e6 7. Na4 d6 8. d3
Ne7 9. c3 O-O 10. Bf4 e5 11. Bg5 f6 12. Be3 Bg4 13. h3 Bd7 14. Qd2 Rf7 15. c4
Rb8 16. b3 f5 17. exf5 Nxf5 18. Bg5 Qf8 19. Rae1 Re8 20. Qa5 Nd4 21. Nd2 h6 22.
Be3 Nc2 23. Re2 Nb4 24. a3 Nc2 25. Qxa7 Bf5 26. Qa6 Bxd3 27. Rc1 Bxe2 28. Rxc2
Bd3 29. Rc1 Be4 30. Nc3 Ra8 31. Qb6 Bd3 32. Qxc6 Bf5 33. Nb5 Rd8 34. a4 Rf6 35.
a5 Bd7 36. Qb7 Rf7 37. a6 Bxh3 38. Qe4 Bf5 39. Qd5 Kh7 40. a7 Re7 41. Ra1 Be6
42. a8=Q Rxa8 43. Qxa8 Re8 44. Qf3 Bf5 45. Ne4 Bxe4 46. Qxf8 Bxf8 47. Ra7+ Kg8
48. Ra6 Rd8 49. Bd2 Bc2 50. Ba5 Rd7 51. b4 Bb3 52. Na3 Rb7 53. bxc5 dxc5 54.
Rxg6+ Kh7 55. Ra6 Rd7 56. Bc3 Bd6 57. Nb5 Bxc4 58. Rxd6 Re7 59. Rb6 e4 60. Bd2
h5 61. Nd6 Bd3 62. Rc6 Re5 63. Be3 c4 64. Nxc4 Re7 65. Nd2 Bc2 66. Rxc2 1-0

[Event "AUTO-OPEN-3128"]
[Site "http://www.queenalice.com/game.php?id=1235091"]
[Date "2013.11.24"]
[Round "1"]
[White "fbenevides"]
[Black "TON7"]
[Result "1-0"]
[WhiteElo "1887"]
[BlackElo "1722"]

1. Nf3 d6 2. d4 Bg4 3. Qd3 Nf6 4. h3 Bxf3 5. Qxf3 d5 6. Nc3 e6 7. a3 Nc6 8. e3
Be7 9. Bb5 Qd6 10. Bxc6+ Qxc6 11. Qg3 g6 12. O-O Nh5 13. Qf3 O-O 14. Qe2 Bf6 15.
Bd2 a5 16. Qb5 Qxb5 17. Nxb5 c6 18. Nc3 Bg5 19. Ne2 a4 20. b3 b5 21. bxa4 bxa4
22. Rfb1 Rfc8 23. Rb7 c5 24. dxc5 Rxc5 25. c3 Nf6 26. Nd4 Ne4 27. Nf3 Nxc3 28.
Nxg5 Rf8 29. Bxc3 Rxc3 30. Rb4 Ra8 31. g4 Rc5 32. h4 h6 33. Nf3 Rc3 34. Ne5 Kg7
35. Kg2 Rc5 36. f4 f6 37. Rb7+ Kg8 38. Nxg6 Rc4 39. h5 d4 40. exd4 Rxd4 41. Ra2
e5 42. Kf3 e4+ 43. Ke3 Rc4 44. Re7 Rc3+ 45. Kxe4 Ra6 46. Rd2 Ra8 47. Ra2 Rac8
48. Kf5 R8c6 49. Rd2 Rc8 50. Ra7 R3c5+ 51. Kxf6 R5c6+ 52. Ke5 Rb8 53. Ne7+ 1-0

[Event "AUTO-OPEN-3128"]
[Site "http://www.queenalice.com/game.php?id=1235092"]
[Date "2013.11.24"]
[Round "1"]
[White "TON7"]
[Black "fbenevides"]
[Result "0-1"]
[WhiteElo "1714"]
[BlackElo "1834"]

1. e4 e5 2. Nf3 Nc6 3. Bb5 Qf6 4. Nc3 a6 5. Bxc6 dxc6 6. d3 h6 7. O-O Bd6 8. Be3
Bg4 9. Qe2 Bxf3 10. Qxf3 Qxf3 11. gxf3 g5 12. Ne2 O-O-O 13. Ng3 f6 14. c4 c5 15.
Nh5 Bf8 16. a3 Rxd3 17. Ng3 Rb3 18. Ra2 b6 19. a4 a5 20. Ne2 Rd3 21. Nc3 c6 22.
Kg2 h5 23. h3 Bh6 24. Ne2 g4 25. Bxh6 Rxh6 26. hxg4 hxg4 27. Ng1 gxf3+ 28. Nxf3
Rg6+ 29. Kh2 Rxf3 30. Rg1 Rxg1 31. Kxg1 Rf4 32. b3 Rxe4 33. Kg2 Rd4 34. f3 Kd7
35. Kf2 Rh4 36. Ke3 Nh6 37. Rg2 Nf5+ 38. Kf2 Nd4 0-1

[Event "AUTO-OPEN-3128"]
[Site "http://www.queenalice.com/game.php?id=1235101"]
[Date "2013.11.24"]
[Round "1"]
[White "jupar"]
[Black "TON7"]
[Result "1-0"]
[WhiteElo "1974"]
[BlackElo "1723"]

1. d4 d5 2. c4 dxc4 3. Nc3 Nf6 4. e4 e6 5. Bxc4 b6 6. f3 c5 7. e5 Nd5 8. Nxd5
exd5 9. Bb5+ Bd7 10. Qa4 cxd4 11. Bxd7+ Nxd7 12. Qxd4 Rc8 13. Bd2 Nb8 14. Ne2
Rc2 15. Qa4+ Nc6 16. Qxc2 Nxe5 17. Qa4+ Nd7 18. O-O-O g6 19. Bc3 Bh6+ 20. Kb1
O-O 21. Qd4 f6 22. Qxd5+ Rf7 23. Ng3 Qc7 24. Rhe1 Bg7 25. Re8+ Bf8 26. Ne4 h6
27. Nxf6+ Nxf6 28. Bxf6 Kh7 29. Be5 Qc5 30. Qxf7+ Bg7 31. Qxg7# 1-0

[Event "AUTO-OPEN-3128"]
[Site "http://www.queenalice.com/game.php?id=1235102"]
[Date "2013.11.24"]
[Round "1"]
[White "TON7"]
[Black "jupar"]
[Result "0-1"]
[WhiteElo "1729"]
[BlackElo "1968"]

1. e4 e5 2. Nf3 Nc6 3. Bb5 d6 4. Bxc6+ bxc6 5. O-O Nf6 6. Nc3 Be7 7. d4 exd4 8.
Nxd4 Bd7 9. Qf3 O-O 10. Qg3 g6 11. Bf4 Nh5 12. Qe3 Nxf4 13. Qxf4 Bg5 14. Qg3 Bf6
15. Nce2 c5 16. Nf3 Bxb2 17. Rab1 Bg7 18. Ng5 h6 19. Nf3 Rb8 20. c3 Bc6 21. Nd2
Qf6 22. Qd3 Rfe8 23. Qa6 Rxb1 24. Nxb1 Bxe4 25. Nd2 Bd5 26. a4 Qg5 27. Ng3 Qxd2
28. c4 Be4 29. Qxa7 Bd3 30. Ra1 Re1+ 0-1

[Event "AUTO-OPEN-3227"]
[Site "http://www.queenalice.com/game.php?id=1270848"]
[Date "2014.4.6"]
[Round "1"]
[White "jnable"]
[Black "TON7"]
[Result "1-0"]
[WhiteElo "1981"]
[BlackElo "1780"]

1. e4 e5 2. Nf3 Nc6 3. Bc4 Nf6 4. Qe2 g6 5. c3 Bc5 6. O-O h6 7. Bxf7+ Kxf7 8.
Qc4+ Kg7 9. Qxc5 d6 10. Qe3 b6 11. d4 Qe7 12. Nbd2 Bb7 13. d5 Nd8 14. b4 b5 15.
a4 Qd7 16. c4 bxc4 17. Nxc4 c6 18. dxc6 Bxc6 19. Bb2 Bxa4 20. Rxa4 Qxa4 21. Nxd6
Qxb4 22. Bxe5 Rf8 23. Rc1 Nb7 24. Rc7+ Kg8 25. Qxh6 Nxd6 26. Qg7# 1-0

[Event "AUTO-OPEN-3227"]
[Site "http://www.queenalice.com/game.php?id=1270849"]
[Date "2014.4.6"]
[Round "1"]
[White "TON7"]
[Black "jnable"]
[Result "0-1"]
[WhiteElo "1739"]
[BlackElo "2002"]

1. e4 c5 2. Bc4 e6 3. Nf3 Nc6 4. O-O a6 5. a4 d5 6. exd5 exd5 7. Be2 Nf6 8. c3
Bd6 9. d4 O-O 10. Bg5 cxd4 11. Nxd4 Be5 12. Qd3 Qb6 13. Ra2 Bxd4 14. Bxf6 Bxf6
15. Qxd5 Be6 0-1

[Event "AUTO-OPEN-3227"]
[Site "http://www.queenalice.com/game.php?id=1270868"]
[Date "2014.4.6"]
[Round "1"]
[White "Gosiulkaa"]
[Black "TON7"]
[Result "1-0"]
[WhiteElo "1928"]
[BlackElo "1734"]

1. e4 e5 2. Nf3 Nc6 3. Bc4 Nf6 4. Ng5 d5 5. exd5 Na5 6. Bb5+ Bd7 7. Qe2 Bd6 8.
b4 c6 9. dxc6 Nxc6 10. Bxc6 Bxc6 11. O-O a6 12. d4 O-O 13. dxe5 Re8 14. Bb2 Bxe5
15. Bxe5 Qd5 16. Nf3 Bb5 17. Qd2 Bxf1 18. Bxf6 Qxd2 19. Nbxd2 Be2 20. Bd4 Rad8
21. c3 b5 22. h3 Ra8 23. a4 a5 24. axb5 a4 25. b6 Reb8 26. c4 Rb7 27. c5 Kf8 28.
c6 Re7 29. b7 Rb8 30. Bc5 1-0

[Event "AUTO-OPEN-3227"]
[Site "http://www.queenalice.com/game.php?id=1270869"]
[Date "2014.4.6"]
[Round "1"]
[White "TON7"]
[Black "Gosiulkaa"]
[Result "1-0"]
[WhiteElo "1713"]
[BlackElo "1974"]

1. e4 e5 2. Nf3 c6 3. Nxe5 Qe7 4. Nf3 Qxe4+ 5. Be2 Nf6 6. Nc3 Qg6 7. O-O d5 8.
d4 Bd6 9. Nh4 Bxh2+ 10. Kxh2 Ng4+ 11. Bxg4 Bxg4 12. Nxg6 Bxd1 13. Nxh8 Bxc2 14.
Bg5 f6 15. Rae1+ Kf8 16. Bf4 Nd7 17. Bd6+ Kg8 18. Re7 Nb6 19. Nf7 Rf8 20. Rfe1
1-0

[Event "AUTO-OPEN-3227"]
[Site "http://www.queenalice.com/game.php?id=1270880"]
[Date "2014.4.6"]
[Round "1"]
[White "TON7"]
[Black "zolaweed"]
[Result "1-0"]
[WhiteElo "1754"]
[BlackElo "1995"]

1. e4 c5 2. Bc4 e6 3. Nf3 a6 4. O-O Nc6 5. Nc3 b5 6. Be2 Qc7 7. a3 Bb7 8. d3 Nf6
9. Bg5 Be7 10. Qd2 O-O 11. Bf4 e5 12. Bg3 d6 13. Ng5 h6 14. Nf3 Nh7 15. Nd5 Qd7
16. Nb6 Qe6 17. Nxa8 Bxa8 18. b4 cxb4 19. axb4 Rd8 20. c3 1-0

[Event "AUTO-OPEN-3227"]
[Site "http://www.queenalice.com/game.php?id=1270881"]
[Date "2014.4.6"]
[Round "1"]
[White "zolaweed"]
[Black "TON7"]
[Result "0-1"]
[WhiteElo "2023"]
[BlackElo "1726"]

1. e4 e5 2. Nf3 Nc6 3. d4 exd4 4. Nxd4 Bc5 5. Nb3 Qe7 6. Nc3 Bb6 7. Bd3 Qh4 8.
g3 Qh3 9. Bf1 Qe6 10. Bg2 Nf6 11. O-O O-O 12. Re1 Ba5 13. Nd4 Qd6 14. Nf5 Qc5
15. Be3 Qe5 16. f4 Qe6 17. Bf2 d6 18. Re2 Bxc3 19. bxc3 Qc4 0-1

[Event "AUTO-ADV-3218"]
[Site "http://www.queenalice.com/game.php?id=1302101"]
[Date "2014.8.17"]
[Round "1"]
[White "Cuyo"]
[Black "TON7"]
[Result "0-1"]
[WhiteElo "1876"]
[BlackElo "1782"]

1. e4 e5 2. f4 exf4 3. Nf3 d5 4. exd5 Bd6 5. d4 Nf6 6. c4 O-O 7. Bd3 Qe7+ 8. Be2
Bb4+ 9. Bd2 Ng4 10. Nc3 Bxc3 11. bxc3 Ne3 12. Bxe3 Qxe3 13. Qd2 Re8 14. Qxe3
Rxe3 15. Kd2 Bg4 16. Rhf1 Nd7 17. Rae1 Nf6 18. Bd3 Rae8 19. Ne5 Bh5 20. Rxf4
Rxe1 21. Kxe1 Ng4 22. Kd2 Nxe5 23. dxe5 Rxe5 24. Rd4 Re7 25. c5 f6 26. d6 cxd6
27. cxd6 Rd7 28. Bb5 Rd8 29. d7 a6 30. Ba4 Bf7 31. a3 b5 32. Bc2 Be6 33. Kc1
Rxd7 34. Bb3 Re7 35. Bc2 Rd7 36. Re4 Rd6 37. Rh4 g6 38. a4 Bc4 39. a5 Re6 40.
Be4 Kg7 41. Bf3 Re1+ 0-1

[Event "AUTO-ADV-3218"]
[Site "http://www.queenalice.com/game.php?id=1302102"]
[Date "2014.8.17"]
[Round "1"]
[White "TON7"]
[Black "Cuyo"]
[Result "0-1"]
[WhiteElo "1800"]
[BlackElo "1931"]

1. e4 d5 2. e5 Bf5 3. d4 e6 4. Bd3 Bg6 5. Bxg6 hxg6 6. Nf3 c5 7. c3 Nc6 8. O-O
Be7 9. Bd2 Qb6 10. Qc2 cxd4 11. c4 O-O-O 12. Bg5 dxc4 13. Qd2 f6 14. exf6 gxf6
15. Bh4 Nh6 16. Na3 Nf5 17. Nxc4 Qa6 18. Nd6+ Rxd6 19. b4 Nxh4 20. Nxd4 Nxd4 21.
Rfc1+ Kb8 22. Qe3 Qe2 23. Qc3 Rc6 24. Qxd4 Rxc1+ 25. Rxc1 Rd8 26. Qa1 Qg4 27. g3
Nf3+ 28. Kg2 Ng5 29. Kf1 Qf3 30. Qb2 Ne4 31. Rc2 Rd1# 0-1

[Event "AUTO-ADV-3218"]
[Site "http://www.queenalice.com/game.php?id=1302118"]
[Date "2014.8.17"]
[Round "1"]
[White "polyhedron2"]
[Black "TON7"]
[Result "1-0"]
[WhiteElo "2003"]
[BlackElo "1789"]

1. e4 e5 2. f4 exf4 3. Nf3 d6 4. Bc4 Nf6 5. O-O Bg4 6. Nc3 Be7 7. d4 c6 8. Bxf4
Qb6 9. Qd3 Bh5 10. e5 Bg6 11. Qd2 Ne4 12. Nxe4 Bxe4 13. exd6 Bf6 14. Rfe1 O-O
15. Rxe4 Nd7 16. Be5 Qxb2 17. Rb1 Qa3 18. Rxb7 Rad8 19. Bxf6 Nxf6 20. Ree7 Nd5
21. Bxd5 cxd5 22. Rxa7 Qxd6 23. Ne5 Rde8 24. Rxf7 Rxf7 25. Nxf7 Qb8 26. Rd7 Qb5
27. Ne5 Rf8 28. Qd1 h6 29. a4 Qa5 30. c4 dxc4 31. Nf3 c3 32. Qc2 Rc8 33. Qg6 1-0